| 000 | 00740cad a22002055a 4500 | ||
|---|---|---|---|
| 001 | L156759 | ||
| 008 | 120710s2012 xxk f 000 0 eng d | ||
| 035 | _a(Sirsi) u156759 | ||
| 041 | 0 | _aeng | |
| 110 | 2 |
_aSavills _92020 |
|
| 245 | 0 | 0 |
_aSpotlight _bLondon's housing supply July 2012 |
| 260 |
_aLondon _bSavills _c2012 |
||
| 520 | _aReviews the availability of the supply of land available for new housing development in London, sector by sector. | ||
| 590 | _aKA | ||
| 651 | 4 | _aLondon | |
| 690 |
_aLand use _96251 |
||
| 690 |
_aResidential property _96266 |
||
| 856 | 4 | 0 |
_uhttps://pdf.euro.savills.co.uk/uk/spotlight-on/spotlight-on-london-housing-supply.pdf _zView the report after free registration at www.savills.co.uk |
| 942 | _n0 | ||
| 999 |
_c114401 _d114401 |
||